|
|
|
|
| LEADER |
00000nam0a2200000 4500 |
| 001 |
59085 |
| 005 |
20231031055857.0 |
| 010 |
|
|
|a 5936301214
|
| 035 |
|
|
|a (RuTPU)RU\TPU\book\62439
|
| 090 |
|
|
|a 59085
|
| 100 |
|
|
|a 20031217d2001 k y0rusy50 ca
|
| 101 |
0 |
|
|a rus
|
| 102 |
|
|
|a RU
|
| 105 |
|
|
|a y l 000zy
|
| 200 |
1 |
|
|a Правила промышленной безопасности для нефтеперерабатывающих производств
|e ПБ 09-310-99
|
| 210 |
|
|
|a СПб.
|c Деан
|d 2001
|
| 215 |
|
|
|a 63 с.
|
| 225 |
1 |
|
|a Безопасность труда России
|
| 300 |
|
|
|a Утверждены постановлением Госгортехнадзора России от 20.09.1999 г. № 67
|
| 610 |
1 |
|
|a нефтеперерабатывающая промышленность
|
| 610 |
1 |
|
|a технологические процессы
|
| 610 |
1 |
|
|a безопасность
|
| 610 |
1 |
|
|a специфические требования
|
| 610 |
1 |
|
|a трубопроводы
|
| 610 |
1 |
|
|a технологическое оборудование
|
| 610 |
1 |
|
|a эксплуатация
|
| 610 |
1 |
|
|a ремонт
|
| 610 |
1 |
|
|a правила
|
| 610 |
1 |
|
|a ПБ 09-310-99
|
| 675 |
|
|
|a 665.63.013.8(083)
|v 3
|
| 712 |
0 |
1 |
|a Российская Федерация
|b Федеральный горный и промышленный надзор России (Госгортехнадзор России)
|c (1992-2004)
|2 stltpush
|3 (RuTPU)RU\TPU\col\7022
|
| 801 |
|
1 |
|a RU
|b 63413507
|c 20031217
|g PSBO
|
| 801 |
|
2 |
|a RU
|b 63413507
|c 20081230
|g PSBO
|
| 942 |
|
|
|c BK
|